00556nam a2200193 a 4500001001300000003000900013005001700022008004100039020001000080082001600090100001800106245008000124260006000204300001000264500003500274505001700309650001800326700001800344nice12345678IN_TiNIC20260116011601.0050524s1925 newa grp 000 0 eng  ac10000a297.09bSAI aSailer, T H P aMoslem Faces the Futureb an Introduction to the Study of the Moslem World. aNew YorkbMissionary Education Movement of the Usc1925 a254p. aincludes index and biblioraphy2 aIndex, Illus aIslam-History1 aSailer, T H P